Countries The UK Has Declared War On - Sudden Death - Statistics

General Stats
  • This quiz has been taken 44 times
  • The average score is 5 of 14
Answers on the Grid
Answers color-coded by a green-red scale on the quiz's grid according to % correct below.
Spain
France
Netherlands
Russia
Germany
Austria-Hungary
Ottoman Empire
Bulgaria
Italy
Romania
Thailand
Finland
Hungary
Japan
United States of America
Soviet Union
China
Sweden
Portugal
Ireland
India
Bangladesh
South Africa
Egypt
Israel
Switzerland
Yugoslavia
Malaysia
 
Answer Stats
Answer % Correct
1940 Italy
63%
1914, 1939 Germany
59%
1914 Austria-Hungary
56%
1941 Japan
44%
1914 Ottoman Empire
44%
1854 Russia
44%
1744, 1756, 1778, 1803 France
37%
1718, 1739, 1762, 1779 Spain
37%
1941 Hungary
22%
1914, 191 Bulgaria
19%
1941 Finland
15%
1941 Romania
15%
1780 Netherlands
11%
1942 Thailand
11%
No matching quizzes found
Score Distribution
Percent of People with Each Score
Percentile by Number Answered
Your Score History
You have not taken this quiz